|
|
|
|
| LEADER |
00000cam a2200000 a 4500 |
| 001 |
1/118072 |
| 008 |
190213s1977####cy | ||| |||| ||gre|| |
| 040 |
|
|
|a GR-MyUa
|b gre
|c GR-MyUa
|e AACR2
|
| 041 |
0 |
|
|a gre
|
| 082 |
7 |
|
|a 889.10904
|2 (23)
|
| 100 |
1 |
|
|a Βασιλείου, Κώστας.
|
| 245 |
1 |
2 |
|a Ο μεγάλος Σαμάν :
|b ποιήματα /
|c Κώστα Βασιλείου.
|
| 260 |
|
|
|a Λευκωσία :
|b [χ.ό.],
|c 1977.
|
| 300 |
|
|
|a 49 σ. ;
|c 24 εκ.
|
| 650 |
|
0 |
|a Cyprian poetry.
|
| 650 |
|
0 |
|a Greek poetry, Modern
|z Cyprus.
|
| 852 |
|
|
|a INST
|b RHODES
|e 20190213
|h 889.10904 ΒΑΣ
|p 005400040435
|q 005400040435
|t BK
|y 0
|
| 970 |
|
|
|a Μαρία
|b Κωτάκου
|z 13-02-2019
|